Представление документа в формате RUSMARC

ПолеНазваниеЗначение
  Тип записи a
  Библиографический уровень m
001 Контрольный номер RU/SLIB/B/208787119
005 Дата корректировки 20201206204405.7
010 Индекс ISBN __
d Цена 399-96
100 Данные общей обработки __
a Данные общей обработки 19050421d2005 |||y0rusy0189 ca
101 Язык документа __
a Язык текста rus
c Язык оригинала rus
102 Страна публикации __
a Страна публикации ru
105 Кодированные данные (монография) __
a Кодированные данные (монография) y |||||||zy
200 Заглавие и сведения об ответственности 0_
a Заглавие Правосубъектность юридического лица
f Первые сведения об ответственности Н. В. Козлова ; [науч. ред. В. С. Ем]
b Общее обозначение материала Текст
210 Выходные данные __
a Место издания М.
c Издательство Статут
d Дата издания 2005
215 Физическое описание __
a Объем 474, [1] с.
320 Библиография __
a Библиография Библиогр.: с. 405-465 и в подстроч. прим.
330 Аннотация __
a Аннотация Раскрывается природа и пределы правосубъектности юридического лица, механизм ее возникновения и специфика реализации, в том числе посредством органов юридического лица.
606 Тематические рубрики __
a Основная рубрика Право
606 Тематические рубрики __
a Основная рубрика Общая часть гражданского права
y Географическая подрубрика Россия; Российская Федерация; РФ
610 Ключевые слова __
a Ключевые слова юридические лица; правосубъектность; обязательства; обязательственные отношения; корпоративные отношения; правоспособность; корпоративная ответственность; учредители; договоры; уставный капитал; реализация правосубъектности
686 Индексы других классификаций __
a Классификационный индекс 67.404.013(2Рос)
700 Автор _1
a Фамилия Козлова
b Имя Н. В.
c Титул (звания) юрист
g Полное личное имя Наталия Владимировна
4 Код отношения 070
702 Вторичная интеллектуальная ответственность __
a Фамилия Ем
b Имя В. С.
4 Код отношения Главный редактор
4 Код отношения 651
801 Источник записи _0
a Страна ru
b Организация Муниципальное бюджетное учреждение культуры "Централизованная библиотечная система" г. Сургут (Центральная городская библиотека им. А. С. Пушкина)
c Дата составления 20050421
g Правила каталогизации КиК/Поспелова
801 Источник записи _1
a Страна ru
b Организация Муниципальное бюджетное учреждение культуры "Централизованная библиотечная система" г. Сургут (Центральная городская библиотека им. А. С. Пушкина)
c Дата составления 20050421
g Правила каталогизации КиК/Поспелова
852 Данные о местонахождении __
j Шифр хранения 67.404.013(2Рос)
i Авторский знак К 59
901 Тип документа __
t Тип документа m
903 Характеристики (МАРС) __
a Дата передачи 20060428
990 Данные о заказе (DOS) __
j Количество экземпляров (DOS) 1
t N записи в КСУ для И/У (DOS) 200605